[Event "EU-ch (Women) 10th"]
[Site "St Petersburg"]
[Date "2009.03.19"]
[Round "11"]
[White "Kazimova, Narmin Nizami Qizi"]
[Black "Kirillova, Varvara"]
[Result "1-0"]
[WhiteElo "2165"]
[BlackElo "2246"]
[PlyCount "81"]
[EventDate "2009.03.08"]
[EventType "swiss"]
[EventRounds "11"]
[EventCountry "RUS"]
[SourceTitle "CBM 129 Extra"]
[Source "ChessBase"]
[SourceDate "2009.05.05"]
[SourceVersion "2"]
[SourceVersionDate "2009.05.20"]
[SourceQuality "1"]

1. Nf3 d6 2. d4 Nf6 3. c4 g6 4. g3 Bg7 5. Bg2 0-0 6. 0-0 Nbd7 7. Nc3 c6 8. b3 e5 9. Qc2 Re8 10. Bb2 a6 11. e4 b5 12. d5 cxd5 13. Nxd5 Nxd5 14. cxd5 Nb6 15. Nd2 f5 16. Rac1 Ra7 17. Bh3 Rf7 18. Ba3 a5 19. Qc6 b4 20. Bb2 Bh6 21. Rc2 Ref8 22. Nc4 Nxc4 23. Qxc4 Bd7 24. Bc1 f4 25. Be6 Bxe6 26. dxe6 Re7 27. Rd1 Rfe8 28. Rcd2 Rxe6 29. Rxd6 Qf6 30. Bb2 Bf8 31. Ra6 Qf7 32. Rxa5 R6e7 33. Qxf7+ Kxf7 34. Rdd5 Bg7 35. Kg2 g5 36. gxf4 gxf4 37. Rdb5 Bf6 38. Rxb4 Rg8+ 39. Kf3 Rd7 40. Bxe5 Rd3+ 41. Ke2 1-0

[Event "EU-ch (Women) 10th"]
[Site "St Petersburg"]
[Date "2009.03.14"]
[Round "7"]
[White "Girya, Olga"]
[Black "Kirillova, Varvara"]
[Result "1-0"]
[WhiteElo "2315"]
[BlackElo "2246"]
[PlyCount "117"]
[EventDate "2009.03.08"]
[EventType "swiss"]
[EventRounds "11"]
[EventCountry "RUS"]
[SourceTitle "CBM 129 Extra"]
[Source "ChessBase"]
[SourceDate "2009.05.05"]
[SourceVersion "2"]
[SourceVersionDate "2009.05.20"]
[SourceQuality "1"]

1. e4 d6 2. d4 Nf6 3. Nc3 e5 4. Nf3 Nbd7 5. Bc4 Be7 6. 0-0 0-0 7. Re1 c6 8. a4 b6 9. Ba2 a6 10. h3 Bb7 11. Nh4 Re8 12. Nf5 Bf8 13. dxe5 Nxe5 14. Bf4 Qc7 15. Re3 h6 16. g4 Kh7 17. g5 Ng8 18. Rg3 g6 19. Nxh6 Nxh6 20. gxh6 Bc8 21. Qd2 Be6 22. Bxe6 Rxe6 23. b3 Be7 24. Bg5 Bxg5 25. Qxg5 Qd8 26. Qe3 Nd7 27. Rd1 Qe7 28. Qf4 Rg8 29. Qg5 Qxg5 30. Rxg5 Kxh6 31. Rg3 Nc5 32. f3 Rd8 33. Rg2 Rf6 34. Kf2 Ne6 35. Kg3 Nf4 36. Rgd2 Nh5+ 37. Kf2 Re6 38. Ne2 c5 39. a5 bxa5 40. Ra1 f5 41. exf5 gxf5 42. Rxa5 Ra8 43. h4 Kg6 44. c3 Kf6 45. b4 cxb4 46. cxb4 Rb8 47. Nd4 Re5 48. Nc6 Rxa5 49. Rxd6+ Kf7 50. bxa5 Rb5 51. Ke3 Nf6 52. Kf4 Nd5+ 53. Kg5 f4 54. Kg4 Rc5 55. Ne5+ Ke7 56. Rxa6 Nf6+ 57. Kxf4 Nh5+ 58. Kf5 Ng3+ 59. Kg4 1-0

[Event "EU-ch (Women) 10th"]
[Site "St Petersburg"]
[Date "2009.03.13"]
[Round "6"]
[White "Kirillova, Varvara"]
[Black "Matveeva, Svetlana"]
[Result "1/2-1/2"]
[WhiteElo "2246"]
[BlackElo "2422"]
[PlyCount "49"]
[EventDate "2009.03.08"]
[EventType "swiss"]
[EventRounds "11"]
[EventCountry "RUS"]
[SourceTitle "CBM 129 Extra"]
[Source "ChessBase"]
[SourceDate "2009.05.05"]
[SourceVersion "2"]
[SourceVersionDate "2009.05.20"]
[SourceQuality "1"]

1. e4 e6 2. d3 d5 3. Nd2 c5 4. Ngf3 Nc6 5. g3 Bd6 6. Bg2 Nge7 7. 0-0 0-0 8. c3 Bd7 9. Re1 Qc7 10. Qe2 f6 11. a3 a5 12. b3 a4 13. b4 cxb4 14. cxb4 d4 15. Nc4 e5 16. Bd2 b5 17. Nxd6 Qxd6 18. Nh4 Rac8 19. f4 Nd8 20. Rac1 Nf7 21. f5 Rxc1 22. Rxc1 Rc8 23. Qd1 Rc6 24. Bf3 Qc7 25. Rxc6 1/2-1/2

[Event "RUS-chT (Women)"]
[Site "Dagomys"]
[Date "2008.04.07"]
[Round "6"]
[White "Murashova, Ekaterina"]
[Black "Kirillova, Varvara"]
[Result "0-1"]
[WhiteElo "2320"]
[BlackElo "2251"]
[PlyCount "74"]
[EventDate "2008.04.02"]
[EventType "team-tourn"]
[EventRounds "9"]
[EventCountry "RUS"]
[SourceTitle "CBM 123 Extra"]
[Source "ChessBase"]
[SourceDate "2008.05.06"]
[SourceVersion "1"]
[SourceVersionDate "2008.05.06"]
[SourceQuality "1"]

1. e4 d6 2. d4 e5 3. Ne2 Be7 4. Nbc3 c6 5. Be3 Nd7 6. Qd2 Ngf6 7. f3 h5 8. Rd1 a6 9. Nc1 b5 10. Nd3 Qc7 11. h3 h4 12. a4 Bb7 13. axb5 cxb5 14. Nb4 Nb6 15. Be2 Rc8 16. 0-0 Nc4 17. Bxc4 Qxc4 18. dxe5 dxe5 19. Nbd5 Nxd5 20. Nxd5 Bxd5 21. Qxd5 Qxd5 22. Rxd5 Rxc2 23. Rxe5 f6 24. Re6 Kf7 25. Rxa6 Rd8 26. Ra7 Kf8 27. Rb7 Rxb2 28. Rc1 b4 29. Bc5 Re8 30. Bxe7+ Rxe7 31. Rb8+ Re8 32. Rb6 Rd8 33. Rc7 Rd1+ 34. Kh2 Kg8 35. Rbb7 Rbb1 36. Rxg7+ Kf8 37. Rgf7+ Ke8 0-1

[Event "RUS-chT (Women)"]
[Site "Dagomys"]
[Date "2008.04.05"]
[Round "4"]
[White "Kirillova, Varvara"]
[Black "Harika, Dronavalli"]
[Result "0-1"]
[WhiteElo "2251"]
[BlackElo "2461"]
[PlyCount "98"]
[EventDate "2008.04.02"]
[EventType "team-tourn"]
[EventRounds "9"]
[EventCountry "RUS"]
[SourceTitle "CBM 123 Extra"]
[Source "ChessBase"]
[SourceDate "2008.05.06"]
[SourceVersion "1"]
[SourceVersionDate "2008.05.06"]
[SourceQuality "1"]

1. e4 c5 2. Nf3 d6 3. d4 cxd4 4. Nxd4 Nf6 5. Nc3 a6 6. Be3 e5 7. Nb3 Be6 8. f3 Be7 9. Qd2 0-0 10. Na4 Nbd7 11. c4 b5 12. cxb5 axb5 13. Bxb5 d5 14. 0-0 d4 15. Bf2 Qb8 16. Qd3 Ra7 17. Rfc1 Rc8 18. Rxc8+ Qxc8 19. Rc1 Qb8 20. Rc6 Nf8 21. Rb6 Qc7 22. Rc6 Qb8 23. Bg3 Nh5 24. Nbc5 Bxc5 25. Nxc5 Rxa2 26. Nxe6 fxe6 27. b3 Ra1+ 28. Kf2 Ra2+ 29. Kf1 Ra1+ 30. Kf2 Ra2+ 31. Kf1 Nxg3+ 32. hxg3 Qd8 33. Rc2 Ra1+ 34. Kf2 Qa5 35. Rd2 Rh1 36. Ba4 Rc1 37. Rd1 Rc3 38. Qd2 Qc5 39. Kg1 h6 40. Kh2 Nh7 41. Qe2 Ng5 42. f4 exf4 43. gxf4 Nxe4 44. b4 Qf5 45. Rxd4 Qxf4+ 46. Kg1 Re3 47. Qf1 Qh4 48. Rd1 Ng3 49. Qa6 Ne2+ 0-1

[Event "St Petersburg FINEC (Women)"]
[Site "St Petersburg"]
[Date "2008.01.29"]
[Round "6"]
[White "Lupik, Marina"]
[Black "Kirillova, Varvara"]
[Result "1/2-1/2"]
[WhiteElo "2222"]
[BlackElo "2271"]
[PlyCount "170"]
[EventDate "2008.01.24"]
[EventType "tourn"]
[EventRounds "9"]
[EventCountry "RUS"]
[SourceTitle "CBM 122 Extra"]
[Source "ChessBase"]
[SourceDate "2008.03.04"]
[SourceVersion "1"]
[SourceVersionDate "2008.03.04"]
[SourceQuality "1"]

1. d4 d6 2. c4 e5 3. Nc3 exd4 4. Qxd4 Nc6 5. Qd1 g6 6. e4 Bg7 7. Be3 Nf6 8. f3 0-0 9. Qd2 Be6 10. b3 Nd7 11. Nge2 Nde5 12. Rd1 f5 13. Nf4 Bd7 14. Be2 Rf7 15. Nfd5 h6 16. 0-0 Kh7 17. exf5 Bxf5 18. f4 Ng4 19. Bxg4 Bxg4 20. Rde1 a6 21. b4 Qf8 22. a4 Re8 23. Bf2 Bf5 24. Ne2 Re4 25. b5 axb5 26. cxb5 Nd8 27. Nd4 Rxe1 28. Rxe1 Bc8 29. Rc1 c6 30. Nb6 Bf5 31. bxc6 bxc6 32. Nxc6 Nxc6 33. Rxc6 Be4 34. Rc8 Qe7 35. a5 Qf6 36. Rc1 Qf5 37. Nc8 Qg4 38. Be3 d5 39. h3 Qd7 40. Bb6 Qa4 41. Nd6 Re7 42. Nxe4 dxe4 43. Qe2 Bd4+ 44. Kh2 e3 45. g3 Bxb6 46. axb6 Qa5 47. Rc7 Rxc7 48. bxc7 Qxc7 49. Qxe3 Qc2+ 50. Kg1 Kg7 51. Qf2 Qb1+ 52. Kh2 Qd3 53. g4 Kf6 54. Kg2 Qb1 55. Kg3 Qe4 56. Qb2+ Kf7 57. Qb3+ Kf6 58. Qc3+ Kf7 59. Qc7+ Kf6 60. Qd6+ Kf7 61. Qd7+ Kf6 62. g5+ hxg5 63. Qd8+ Kf7 64. Qxg5 Qe3+ 65. Kh4 Qe1+ 66. Qg3 Qe7+ 67. Kg4 Qd7+ 68. Kf3 Qd5+ 69. Kf2 Qd2+ 70. Kg1 Qd4+ 71. Qf2 Qe4 72. Kh2 Kf6 73. Qh4+ Kf7 74. Qg5 Qf3 75. Qg3 Qe2+ 76. Qg2 Qe3 77. Qd5+ Kf6 78. Qd6+ Kf7 79. Qd5+ Kf6 80. Qg5+ Kf7 81. h4 Qe2+ 82. Kh3 Qf1+ 83. Kg3 Qd3+ 84. Kh2 Qd2+ 85. Kg1 Qe1+ 1/2-1/2

[Event "St Petersburg (Women)"]
[Site "St Petersburg"]
[Date "2007.11.03"]
[Round "9"]
[White "Kirillova, Varvara"]
[Black "Eidelson, Rakhil"]
[Result "1-0"]
[WhiteElo "2253"]
[BlackElo "2189"]
[PlyCount "89"]
[EventDate "2007.10.27"]
[EventType "tourn"]
[EventRounds "11"]
[EventCountry "RUS"]
[EventCategory "1"]
[SourceTitle "CBM 121 Extra"]
[Source "ChessBase"]
[SourceDate "2008.01.10"]
[SourceVersion "1"]
[SourceVersionDate "2008.01.10"]
[SourceQuality "1"]

1. e4 c5 2. Nf3 d6 3. d4 cxd4 4. Nxd4 a6 5. Nc3 Nf6 6. Be3 e5 7. Nb3 Be7 8. f3 Be6 9. Qd2 b5 10. 0-0-0 0-0 11. g4 b4 12. Nd5 Bxd5 13. exd5 a5 14. Qd3 Nfd7 15. h4 Na6 16. Kb1 a4 17. Nd2 Ndc5 18. Qe2 b3 19. cxb3 axb3 20. a3 Qd7 21. Ne4 Nxe4 22. fxe4 Rfc8 23. Bg5 Bf8 24. Qf3 Nc5 25. Rc1 Na4 26. Rc4 Qa7 27. Qe3 Qa5 28. Qd2 Qxd2 29. Bxd2 Rxc4 30. Bxc4 Nc5 31. Re1 Be7 32. h5 h6 33. Bb4 Bg5 34. Bxc5 dxc5 35. Bxb3 Kf8 36. d6 Rd8 37. Rd1 Be3 38. Ba4 Bd4 39. d7 Ke7 40. Bb5 Rg8 41. Rf1 f6 42. a4 g6 43. Bc4 Rg7 44. Rxf6 Kxd7 45. hxg6 1-0

[Event "St Petersburg (Women)"]
[Site "St Petersburg"]
[Date "2007.11.01"]
[Round "7"]
[White "Kirillova, Varvara"]
[Black "Ivkina, Olga"]
[Result "1/2-1/2"]
[WhiteElo "2253"]
[BlackElo "2270"]
[PlyCount "105"]
[EventDate "2007.10.27"]
[EventType "tourn"]
[EventRounds "11"]
[EventCountry "RUS"]
[EventCategory "1"]
[SourceTitle "CBM 121 Extra"]
[Source "ChessBase"]
[SourceDate "2008.01.10"]
[SourceVersion "1"]
[SourceVersionDate "2008.01.10"]
[SourceQuality "1"]

1. e4 e6 2. d3 d5 3. Nd2 Nf6 4. Ngf3 c5 5. g3 Nc6 6. Bg2 b6 7. 0-0 Bb7 8. c3 Be7 9. a3 Qc7 10. Re1 Ba6 11. Qc2 0-0 12. Nf1 dxe4 13. dxe4 Rad8 14. c4 Nd4 15. Qc3 b5 16. Bf4 Qb6 17. b3 Bb7 18. N1d2 b4 19. Qb2 a5 20. axb4 Nxf3+ 21. Bxf3 cxb4 22. e5 Bxf3 23. Nxf3 Nd7 24. Qa2 Bc5 25. Rad1 Qb7 26. Ng5 h6 27. Ne4 Nxe5 28. Qe2 Rxd1 29. Rxd1 Nd7 30. Rxd7 Qxd7 31. Nxc5 Qd4 32. Qe3 Qd1+ 33. Kg2 Rc8 34. h4 Qh5 35. Bd6 Rd8 36. Nb7 Ra8 37. Nc5 Rd8 38. Nb7 Rd7 39. Qb6 Qd1 40. Qc6 Rxb7 41. Qxb7 Qxd6 42. Qa8+ Kh7 43. Qxa5 Qd2 44. Qe5 Qd1 45. Qe3 e5 46. c5 Qd5+ 47. f3 f5 48. Kf2 e4 49. g4 exf3 50. gxf5 Qxf5 51. Kg3 h5 52. Qg5 Qf7 53. Qe3 1/2-1/2

[Event "St Petersburg (Women)"]
[Site "St Petersburg"]
[Date "2007.10.29"]
[Round "3"]
[White "Kirillova, Varvara"]
[Black "Sirotkina, Nina"]
[Result "1-0"]
[WhiteElo "2253"]
[BlackElo "2261"]
[PlyCount "43"]
[EventDate "2007.10.27"]
[EventType "tourn"]
[EventRounds "11"]
[EventCountry "RUS"]
[EventCategory "1"]
[SourceTitle "CBM 121 Extra"]
[Source "ChessBase"]
[SourceDate "2008.01.10"]
[SourceVersion "1"]
[SourceVersionDate "2008.01.10"]
[SourceQuality "1"]

1. e4 c5 2. Nf3 e6 3. d3 Nc6 4. g3 g6 5. Bg5 Qc7 6. Na3 Bg7 7. c3 e5 8. h4 h5 9. d4 cxd4 10. cxd4 exd4 11. Nb5 Qa5+ 12. Bd2 Qd8 13. Nd6+ Kf8 14. Bc4 Qe7 15. Bf4 Nh6 16. 0-0 Ne5 17. Nxe5 Bxe5 18. Bxh6+ Rxh6 19. Nxf7 d5 20. Bxd5 Bh3 21. Nxh6 Bxf1 22. Qxf1 1-0

[Event "RUS-chT (Women)"]
[Site "Sochi"]
[Date "2007.05.08"]
[Round "8"]
[White "Kirillova, Varvara"]
[Black "Bronnikova, Elizaveta"]
[Result "0-1"]
[WhiteElo "2251"]
[BlackElo "2287"]
[PlyCount "120"]
[EventDate "2007.05.01"]
[EventType "team"]
[EventRounds "11"]
[EventCountry "RUS"]
[SourceTitle "CBM 118 Extra"]
[Source "ChessBase"]
[SourceDate "2007.07.04"]
[SourceVersion "1"]
[SourceVersionDate "2007.07.04"]
[SourceQuality "1"]

1. e4 c5 2. Nf3 d6 3. d4 cxd4 4. Nxd4 Nf6 5. Nc3 Nc6 6. Bg5 Bd7 7. Qd2 Rc8 8. 0-0-0 Nxd4 9. Qxd4 Qa5 10. f4 Rxc3 11. bxc3 e5 12. Qb4 Qxb4 13. cxb4 Nxe4 14. Bc4 h6 15. Bh4 g5 16. fxg5 hxg5 17. Be1 f5 18. b5 g4 19. a4 Bh6+ 20. Kb1 Be3 21. Bd5 Nc5 22. Bb4 b6 23. Rhe1 f4 24. h3 gxh3 25. gxh3 Ke7 26. Rh1 Nxa4 27. Bxd6+ Kxd6 28. Bb3+ Bd4 29. Bxa4 Bf5 30. h4 Kc5 31. Rdf1 Bg4 32. Rh2 f3 33. c3 Be3 34. Bc2 Kxb5 35. Be4 f2 36. Kc2 Kc4 37. Bd3+ Kd5 38. Rb1 e4 39. Bf1 Bc5 40. h5 Rxh5 41. Rxh5+ Bxh5 42. Ra1 a5 43. Ra4 Bf3 44. Kd2 Ke5 45. Be2 Bg2 46. Ra1 a4 47. Kc2 a3 48. Rd1 Kf4 49. Bc4 Bf3 50. Rd7 e3 51. Rf7+ Kg3 52. Rg7+ Kh2 53. Rh7+ Kg1 54. Rg7+ Bg2 55. Kd1 f1Q+ 56. Bxf1 Kxf1 57. Rf7+ Kg1 58. Ke2 a2 59. Ra7 Bd5 60. Rg7+ Kh2 0-1

[Event "RUS Cup (Women) 4th"]
[Site "Moscow"]
[Date "2006.11.19"]
[Round "11"]
[White "Severiukhina, Zoja"]
[Black "Kirillova, Varvara"]
[Result "1-0"]
[WhiteElo "2203"]
[BlackElo "2244"]
[PlyCount "103"]
[EventDate "2006.11.08"]
[EventType "tourn"]
[EventRounds "11"]
[EventCountry "RUS"]
[SourceTitle "CBM 115 Extra"]
[Source "ChessBase"]
[SourceDate "2007.01.10"]
[SourceVersion "1"]
[SourceVersionDate "2007.01.10"]
[SourceQuality "1"]

1. e4 d6 2. d4 Nf6 3. Nc3 e5 4. Nge2 Be7 5. f3 c6 6. Be3 b5 7. a3 a6 8. g4 Nbd7 9. g5 Nh5 10. Qd2 g6 11. 0-0-0 Bb7 12. Ng3 Nf4 13. Nce2 Ne6 14. h4 Qc7 15. f4 exf4 16. Nxf4 Nxf4 17. Bxf4 0-0-0 18. Bh3 Kb8 19. Rhe1 f6 20. Qe3 Rhe8 21. Bxd7 Qxd7 22. e5 fxg5 23. Bxg5 Bxg5 24. Qxg5 Bc8 25. Ne4 dxe5 26. Nf6 Qf7 27. Nxe8 Rxe8 28. Rxe5 Bf5 29. Rxe8+ Qxe8 30. Qf4+ Kc8 31. Qe5 Qe6 32. Re1 Qxe5 33. Rxe5 Kd7 34. Kd2 Be6 35. b3 Kd6 36. Rc5 h6 37. Kd3 Bf5+ 38. Ke3 Be6 39. Kf4 Bf7 40. c4 bxc4 41. bxc4 Be6 42. Ke4 g5 43. hxg5 hxg5 44. Kd3 g4 45. Rg5 Ke7 46. d5 cxd5 47. cxd5 Bf7 48. Kd4 Kd6 49. Rf5 Be8 50. Rf6+ Kc7 51. Rxa6 g3 52. Ra7+ 1-0

[Event "RUS Cup (Women) 4th"]
[Site "Moscow"]
[Date "2006.11.10"]
[Round "3"]
[White "Kirillova, Varvara"]
[Black "Prudnikova, Ekaterina"]
[Result "0-1"]
[WhiteElo "2244"]
[BlackElo "2166"]
[PlyCount "83"]
[EventDate "2006.11.08"]
[EventType "tourn"]
[EventRounds "11"]
[EventCountry "RUS"]
[SourceTitle "CBM 115 Extra"]
[Source "ChessBase"]
[SourceDate "2007.01.10"]
[SourceVersion "1"]
[SourceVersionDate "2007.01.10"]
[SourceQuality "1"]

1. e4 d5 2. d3 dxe4 3. dxe4 Qxd1+ 4. Kxd1 e5 5. Be3 Be6 6. c3 Nd7 7. f3 Bc5 8. Bxc5 Nxc5 9. b4 0-0-0+ 10. Kc2 Nd7 11. Nd2 f6 12. a4 Nh6 13. Ne2 f5 14. Ng3 Nf6 15. Bd3 f4 16. Ne2 g5 17. c4 g4 18. c5 Nf7 19. Nc4 h5 20. Kc3 h4 21. h3 gxf3 22. gxf3 Bxc4 23. Bxc4 Ng5 24. Ng1 Rd4 25. Be2 Rhd8 26. Ra2 Nh5 27. Rh2 Ng3 28. Rg2 Nxe2+ 29. Raxe2 Nxf3 30. Nxf3 Rd3+ 31. Kc4 Rxf3 32. Rd2 Rxd2 33. Rxd2 c6 34. Rd3 Rg3 35. a5 f3 36. Rd6 Rxh3 37. a6 Rh1 38. Rf6 Rc1+ 39. Kd3 bxa6 40. Rxc6+ Kb7 41. Rf6 h3 42. c6+ 0-1

[Event "Chigorin Memorial-B 14th"]
[Site "St Petersburg"]
[Date "2006.10.29"]
[Round "8"]
[White "Kirillova, Varvara"]
[Black "Stubberud, Ornulf A"]
[Result "1/2-1/2"]
[WhiteElo "2244"]
[BlackElo "2183"]
[PlyCount "107"]
[EventDate "2006.10.23"]
[EventType "swiss"]
[EventRounds "9"]
[EventCountry "RUS"]
[SourceTitle "EXT 2007"]
[Source "ChessBase"]
[SourceDate "2006.11.23"]
[SourceVersion "1"]
[SourceVersionDate "2006.11.23"]
[SourceQuality "1"]

1. e4 c5 2. Nf3 e6 3. d3 Nc6 4. g3 Qc7 5. Bg2 Nf6 6. 0-0 d6 7. c3 Be7 8. Nbd2 0-0 9. a3 b6 10. Re1 d5 11. e5 Nd7 12. Qe2 Re8 13. Nf1 Nf8 14. h4 Ba6 15. N1h2 Rad8 16. h5 Na5 17. Bf4 d4 18. c4 b5 19. cxb5 Bxb5 20. h6 g6 21. Bg5 c4 22. Bxe7 Qxe7 23. Ng4 cxd3 24. Qe4 Nd7 25. Nxd4 d2 26. Nxb5 dxe1Q+ 27. Rxe1 f5 28. exf6 Nxf6 29. Nxf6+ Qxf6 30. Qb4 Rf8 31. Rf1 a6 32. Nc7 Qe5 33. Nxe6 Qxe6 34. Qxa5 Qf6 35. b4 Rd2 36. Qc5 Qd4 37. a4 a5 38. Qxa5 Rfxf2 39. Qd5+ Kf8 40. Qxd4 Rxf1+ 41. Kxf1 Rxd4 42. b5 Rxa4 43. b6 Rb4 44. b7 Ke7 45. Ke2 Kf6 46. Kd3 Kg5 47. Kc3 Rb6 48. Kc4 Kxh6 49. Kc5 Rb2 50. Bc6 Rxb7 51. Bxb7 Kg5 52. Bf3 h5 53. Kd4 h4 54. gxh4+ 1/2-1/2

[Event "RUS-ch (Women) 56th"]
[Site "Orel"]
[Date "2006.07.03"]
[Round "5"]
[White "Kursova, Maria"]
[Black "Kirillova, Varvara"]
[Result "1-0"]
[WhiteElo "2333"]
[BlackElo "2225"]
[PlyCount "97"]
[EventDate "2006.06.28"]
[EventType "swiss"]
[EventRounds "9"]
[EventCountry "RUS"]
[SourceTitle "CBM 113 Extra"]
[Source "ChessBase"]
[SourceDate "2006.09.14"]
[SourceVersion "1"]
[SourceVersionDate "2006.09.14"]
[SourceQuality "1"]

1. d4 Nf6 2. Nf3 g6 3. c4 Bg7 4. g3 0-0 5. Bg2 d6 6. 0-0 Nbd7 7. Nc3 e5 8. e4 c6 9. h3 Qb6 10. Re1 Re8 11. Re2 exd4 12. Nxd4 Nxe4 13. Nxe4 Qxd4 14. Be3 Qxd1+ 15. Rxd1 Ne5 16. Nxd6 Rd8 17. Red2 Bxh3 18. Bxh3 Nf3+ 19. Kf1 Nxd2+ 20. Rxd2 f5 21. Bg2 Rd7 22. Nxb7 Rxb7 23. Bxc6 Rab8 24. Bxb7 Rxb7 25. b3 Kf7 26. Rd5 Bc3 27. Ke2 a5 28. c5 h5 29. Bf4 Rb4 30. a4 Rxb3 31. c6 Bf6 32. c7 Rc3 33. Rd8 g5 34. Bd6 Ke6 35. c8Q+ Rxc8 36. Rxc8 Kxd6 37. Rf8 Ke6 38. Kd3 h4 39. gxh4 gxh4 40. f4 Bg7 41. Rb8 Bf6 42. Rb6+ Kf7 43. Rb5 Kg6 44. Rxa5 h3 45. Rb5 Bd8 46. Ke3 h2 47. Rb1 Kf7 48. Kf3 Bc7 49. Rh1 1-0